10 Hottest Tennis players (according to me) - Statistics

General Stats
  • This quiz has been taken 46 times
  • The average score is 7 of 11
Answer Stats
Hint Answer % Correct
Belarus Aryna Sabalenka
97%
Japan Naomi Osaka
92%
Russia (Represents Kazakhstan) Elena Rybakina
85%
Spain Paula Badosa
85%
Russia (she's underage but so am i) Mirra Andreeva
82%
UK Katie Boulter
56%
Germany (Ukraine-born) Eva Lys
51%
Canada Leylah Fernandez
49%
Russia Daria Kasatkina
41%
USA Amanda Anisimova
26%
UK Emma Racudanu
3%
No matching quizzes found
Score Distribution
Percent of People with Each Score
Percentile by Number Answered
Your Score History
You have not taken this quiz